[Event "Memoria? Zamenhofa"]
[Site "Bialystok"]
[Date "2024.12.27"]
[Round "2.1"]
[White "Kaganskiy, Gleb"]
[Black "Quparadze, Giga"]
[Result "1-0"]
[WhiteElo "2219"]
[BlackElo "2537"]
[PlyCount "95"]
[EventDate "2024.??.??"]

1. e4 c5 2. Nf3 e6 3. c3 d5 4. exd5 Qxd5 5. d4 Nf6 6. Na3 Nc6 7. Be3 cxd4 8.
Nb5 Qd7 9. Nbxd4 Bd6 10. Nxc6 bxc6 11. Bd3 Nd5 12. Bd2 Rb8 13. Qc2 Qe7 14. O-O
h6 15. c4 Nb4 16. Bxb4 Rxb4 17. a3 Rb8 18. b4 c5 19. bxc5 Bxc5 20. Ne5 Qc7 21.
Qa4+ Kf8 22. Rae1 Bd6 23. f4 Rb2 24. Kh1 Bb7 25. Be4 Bxe4 26. Rxe4 Kg8 27. c5
Bxc5 28. Nd3 Rd2 29. Nxc5 Qxc5 30. Qe8+ Qf8 31. Qa4 Qa8 32. f5 Kh7 33. fxe6
fxe6 34. Rg4 Rf8 35. Rxf8 Qxf8 36. h3 Qb8 37. Qe4+ Kh8 38. Qf3 Rb2 39. Qf4 e5
40. Qe4 Rb3 41. Qg6 Rb1+ 42. Kh2 e4+ 43. Rg3 Qe5 44. h4 e3 45. Qxb1 e2 46. Qe1
h5 47. Kh1 Qd6 48. Re3 1-0

[Event "Memoria? Zamenhofa"]
[Site "Bialystok"]
[Date "2024.12.27"]
[Round "2.2"]
[White "Klimkowski, Jan"]
[Black "Levi, Netanel"]
[Result "1-0"]
[WhiteElo "2504"]
[BlackElo "2193"]
[PlyCount "107"]
[EventDate "2024.??.??"]

1. e4 c5 2. Nf3 Nc6 3. Bc4 e6 4. O-O a6 5. Re1 Nge7 6. Bf1 d5 7. exd5 Nxd5 8.
d4 Nf6 9. Be3 Be7 10. c4 O-O 11. Nc3 cxd4 12. Nxd4 Nxd4 13. Bxd4 Bd7 14. a3 a5
15. Qd3 Bc6 16. Rad1 Qc7 17. Qe3 Nd7 18. Nd5 Qd8 19. Bb6 Nxb6 20. Nxb6 Qc7 21.
Nxa8 Rxa8 22. c5 a4 23. Rc1 Bf6 24. Rc2 Qe7 25. Be2 Bd5 26. Bc4 Bc6 27. Rd1 g6
28. Rd6 Bg5 29. Qe5 Bf6 30. Qe1 Kg7 31. Re2 Qc7 32. Bxe6 fxe6 33. Rexe6 Rf8 34.
Rxf6 Rxf6 35. Qe5 Qf7 36. g4 g5 37. f4 h6 38. h4 Qg6 39. Qe7+ Qf7 40. Qe5 Qg6
41. f5 Qf7 42. hxg5 hxg5 43. Re6 Qf8 44. Kf2 Bb5 45. Re7+ Kg8 46. Rxb7 Be8 47.
Rb8 Kf7 48. Rb7+ Kg8 49. Rb8 Kf7 50. Rc8 Rh6 51. c6 Rf6 52. c7 Rc6 53. Qd5+ Kg7
54. Qxc6 1-0

[Event "Memoria? Zamenhofa"]
[Site "Bialystok"]
[Date "2024.12.27"]
[Round "2"]
[White "Rudzinska, Michalina"]
[Black "Malek, Jan"]
[Result "0-1"]
[WhiteElo "2210"]
[BlackElo "2498"]
[PlyCount "98"]
[EventDate "2024.??.??"]

1. e4 c5 2. Nf3 d6 3. d4 cxd4 4. Nxd4 Nf6 5. Nc3 a6 6. Be2 e5 7. Nf3 Be7 8. Bg5
Nbd7 9. a4 h6 10. Be3 Ng4 11. Bc1 Ngf6 12. Be3 Ng4 13. Bc1 Nc5 14. O-O Nf6 15.
Nd2 Be6 16. a5 Qc7 17. Bf3 Qc6 18. Re1 O-O 19. Nf1 Bd8 20. Ra3 Rc8 21. h3 Re8
22. g4 Nh7 23. Bg2 Bg5 24. Bxg5 hxg5 25. Nd5 Qb5 26. Nfe3 Bxd5 27. exd5 Qxb2
28. Nc4 Qb4 29. Bf1 Nd7 30. Rb3 Qc5 31. Rxb7 Nhf6 32. Qd2 Rb8 33. Rxb8 Rxb8 34.
Qxg5 Rb4 35. Ne3 Qxa5 36. Nf5 g6 37. Ne7+ Kh7 38. c3 Ra4 39. Bd3 e4 40. Qh4+
Kg7 41. g5 Nh5 42. Rxe4 Ra1+ 43. Kg2 Qxc3 44. Ra4 Rxa4 45. Qxa4 Qxd3 46. Qxd7
Nf4+ 47. Kh2 Qf3 48. Qg4 Qxf2+ 49. Kh1 Nh5 0-1

[Event "Memoria? Zamenhofa"]
[Site "Bialystok"]
[Date "2024.12.27"]
[Round "2.4"]
[White "Pietruszewski, Marcin"]
[Black "Sowinski, Pawel"]
[Result "0-1"]
[WhiteElo "2187"]
[BlackElo "2435"]
[PlyCount "63"]
[EventDate "2024.??.??"]

1. Nf3 c5 2. e3 Nf6 3. b3 g6 4. Bb2 Bg7 5. c4 O-O 6. Be2 Nc6 7. O-O d6 8. d4
cxd4 9. Nxd4 Nxd4 10. Bxd4 Bd7 11. Bf3 Bc6 12. Nd2 Qa5 13. Rc1 Rfc8 14. Rc2 Qd8
15. Qa1 Qf8 16. Rfc1 a5 17. Qb2 Nd7 18. Bg4 f5 19. Be2 e5 20. Bc3 Nc5 21. Rd1
f4 22. Rf1 fxe3 23. fxe3 Qe7 24. Nf3 Ne4 25. Be1 Rf8 26. Bh4 g5 27. Be1 g4 28.
Nh4 Qg5 29. Qc1 Bh6 30. Kh1 Rf7 31. Rf3 Rxf3 32. Bf1 0-1

[Event "Memoria? Zamenhofa"]
[Site "Bialystok"]
[Date "2024.12.27"]
[Round "2.5"]
[White "Pidluznij, Gleb"]
[Black "Terkiewicz, Bruno"]
[Result "1-0"]
[WhiteElo "2422"]
[BlackElo "2159"]
[PlyCount "115"]
[EventDate "2024.??.??"]

1. d4 Nf6 2. c4 e6 3. Nf3 d5 4. Nc3 c5 5. cxd5 exd5 6. g3 Nc6 7. a3 Bg4 8. Ne5
cxd4 9. Nxc6 bxc6 10. Qxd4 c5 11. Qd3 c4 12. Qd4 Rc8 13. Be3 Bc5 14. Qe5+ Be6
15. Bxc5 Rxc5 16. Bg2 O-O 17. Rd1 Qb8 18. Qxb8 Rxb8 19. O-O Rcc8 20. Rd2 d4 21.
Rxd4 Rxb2 22. Rc1 g6 23. Bf3 Rc7 24. Kg2 Rb3 25. a4 Rd7 26. Rf4 Kg7 27. Nb5 Rb4
28. Bc6 Rd2 29. Nc3 g5 30. Rxf6 Rd6 31. Rxe6 fxe6 32. Bf3 Rd4 33. a5 g4 34. Bc6
Rd6 35. Be4 Ra6 36. Rd1 h5 37. Ra1 Rb3 38. Nd1 Rb5 39. Rc1 Rc5 40. Ne3 c3 41.
Bd3 Raxa5 42. Nc4 Ra6 43. Rxc3 Rac6 44. h4 Kf6 45. f3 gxf3+ 46. exf3 e5 47. g4
hxg4 48. fxg4 a5 49. Kg3 Ke6 50. g5 Kd5 51. Ra3 e4 52. Be2 Rxc4 53. Bxc4+ Kxc4
54. Kf4 Kb4 55. Re3 Re6 56. Rxe4+ Rxe4+ 57. Kxe4 a4 58. Kd3 1-0

[Event "Memoria? Zamenhofa"]
[Site "Bialystok"]
[Date "2024.12.27"]
[Round "2.6"]
[White "Szewczyk, Mariusz"]
[Black "Cukrowski, Filip"]
[Result "1/2-1/2"]
[WhiteElo "2171"]
[BlackElo "2403"]
[PlyCount "45"]
[EventDate "2024.??.??"]

1. e4 c6 2. d4 d5 3. e5 Bf5 4. Nf3 e6 5. Be2 Nd7 6. O-O a5 7. Be3 f6 8. Nh4 Ne7
9. f4 Qb6 10. Qc1 h5 11. c3 g6 12. exf6 Nxf6 13. Nd2 Bg7 14. Ndf3 Ne4 15. Bd3
Bf6 16. Nxf5 exf5 17. Ne5 Qd8 18. Qe1 Kf8 19. Rf3 Kg7 20. Bf2 Nc8 21. Rh3 Ncd6
22. Bh4 Bxh4 23. Qxh4 1/2-1/2

[Event "Memoria? Zamenhofa"]
[Site "Bialystok"]
[Date "2024.12.27"]
[Round "2.8"]
[White "Flak, Pawel"]
[Black "Mulawa, Cyprian"]
[Result "1-0"]
[WhiteElo "2131"]
[BlackElo "2353"]
[PlyCount "77"]
[EventDate "2024.??.??"]

1. d4 {[%clk 1:30:59]} 1... Nf6 {[%clk 1:30:53]} 2. c4 {[%clk 1:31:11]} 2... e6
{[%clk 1:31:16]} 3. Nf3 {[%clk 1:31:36]} 3... d5 {[%clk 1:31:42]} 4. g3 {
[%clk 1:31:57]} 4... dxc4 {[%clk 1:32:07]} 5. Bg2 {[%clk 1:32:26]} 5... a6 {
[%clk 1:32:31]} 6. O-O {[%clk 1:32:43]} 6... Nc6 {[%clk 1:32:57]} 7. Nc3 {
[%clk 1:29:00]} 7... Rb8 {[%clk 1:33:06]} 8. e4 {[%clk 1:26:38]} 8... Be7 {
[%clk 1:32:42]} 9. Qe2 {[%clk 1:12:37]} 9... Nxd4 {[%clk 1:30:43]} 10. Nxd4 {
[%clk 1:13:05]} 10... Qxd4 {[%clk 1:31:09]} 11. Rd1 {[%clk 1:13:33]} 11... Qa7
{[%clk 1:29:30]} 12. Bf4 {[%clk 1:02:52]} 12... b5 {[%clk 1:04:24]} 13. e5 {
[%clk 1:03:19]} 13... Nd5 {[%clk 0:57:01]} 14. Bxd5 {[%clk 0:32:46]} 14... exd5
{[%clk 0:57:13]} 15. Nxd5 {[%clk 0:33:11]} 15... Bd8 {[%clk 0:56:14]} 16. Be3 {
[%clk 0:12:59]} 16... Qb7 {[%clk 0:55:05]} 17. Bc5 {[%clk 0:12:57]} 17... Qc6 {
[%clk 0:48:45]} 18. b4 {[%clk 0:12:52]} 18... h5 {[%clk 0:44:09]} 19. Rd4 {
[%clk 0:09:07]} 19... Bg4 {[%clk 0:40:30]} 20. Qe4 {[%clk 0:08:20]} 20... Qb7 {
[%clk 0:38:41]} 21. f3 {[%clk 0:03:14]} 21... Be6 {[%clk 0:38:12]} 22. Rad1 {
[%clk 0:03:43]} 22... Qa8 {[%clk 0:36:35]} 23. Qe3 {[%clk 0:01:52]} 23... h4 {
[%clk 0:34:07]} 24. g4 {[%clk 0:01:34]} 24... a5 {[%clk 0:32:22]} 25. a3 {
[%clk 0:01:21]} 25... h3 {[%clk 0:32:08]} 26. R4d2 {[%clk 0:00:37]} 26... Rc8 {
[%clk 0:29:50]} 27. Qf4 {[%clk 0:00:33]} 27... Rh6 {[%clk 0:29:23]} 28. Qe4 {
[%clk 0:00:37]} 28... Rg6 {[%clk 0:29:18]} 29. Kf2 {[%clk 0:00:48]} 29... Bh4+
{[%clk 0:24:35]} 30. Kf1 {[%clk 0:01:14]} 30... Bd8 {[%clk 0:24:37]} 31. Kf2 {
[%clk 0:01:01]} 31... axb4 {[%clk 0:20:49]} 32. axb4 {[%clk 0:01:30]} 32...
Bh4+ {[%clk 0:21:12]} 33. Kf1 {[%clk 0:01:50]} 33... Bxd5 {[%clk 0:21:24]} 34.
Rxd5 {[%clk 0:01:48]} 34... Qa2 {[%clk 0:19:17]} 35. R1d2 {[%clk 0:01:06]}
35... Qb3 {[%clk 0:17:44]} 36. Qf5 {[%clk 0:00:55]} 36... Re6 {[%clk 0:16:30]}
37. Rd7 {[%clk 0:01:18]} 37... Bf6 {[%clk 0:16:06]} 38. exf6 {[%clk 0:01:14]}
38... gxf6 {[%clk 0:16:28]} 39. Re7+ {[%clk 0:01:23]} 1-0

[Event "Memoria? Zamenhofa"]
[Site "Bialystok"]
[Date "2024.12.27"]
[Round "2.9"]
[White "Czernek, Tymon"]
[Black "Karut, Kacper"]
[Result "1/2-1/2"]
[WhiteElo "2353"]
[BlackElo "2115"]
[PlyCount "64"]
[EventDate "2024.??.??"]

1. e4 c5 2. Nf3 Nc6 3. d4 cxd4 4. Nxd4 Nf6 5. Nc3 d6 6. Bg5 e6 7. Qd2 a6 8.
O-O-O Bd7 9. f4 b5 10. Nxc6 Bxc6 11. Bd3 Qb6 12. Bxf6 gxf6 13. f5 b4 14. Ne2 e5
15. Kb1 h5 16. h4 Bh6 17. Qe1 Ke7 18. Ng3 Bf4 19. Nf1 Rhg8 20. g3 Bh6 21. Rh3
a5 22. Qe2 Rg4 23. Nh2 Rag8 24. Nxg4 Rxg4 25. Re1 a4 26. Rh2 Rxg3 27. Qxh5 Bf4
28. Bc4 Be8 29. Bf1 Qg1 30. Rhe2 Bb5 31. Rd1 Bxe2 32. Qxe2 Qb6 1/2-1/2

[Event "Memoria? Zamenhofa"]
[Site "Bialystok"]
[Date "2024.12.27"]
[Round "2.10"]
[White "Krol, Jan"]
[Black "Karolczuk, Iwo"]
[Result "1-0"]
[WhiteElo "2067"]
[BlackElo "2349"]
[PlyCount "171"]
[EventDate "2024.??.??"]

1. e4 c5 2. Nf3 d6 3. d4 cxd4 4. Nxd4 Nf6 5. Nc3 a6 6. Be3 e5 7. Nb3 Be6 8. h3
Nbd7 9. g4 Rc8 10. Bg2 Nb6 11. g5 Nfd7 12. Nd2 Be7 13. h4 O-O 14. Nd5 Bxd5 15.
exd5 f5 16. b3 e4 17. c4 Ne5 18. O-O Nbd7 19. f4 exf3 20. Nxf3 Nxf3+ 21. Qxf3
b5 22. cxb5 axb5 23. Bd4 Ne5 24. Qe2 Qa5 25. a3 b4 26. a4 Rc3 27. Kh1 f4 28.
Bxc3 bxc3 29. Qe4 c2 30. Rac1 Qc3 31. Qxc2 Qg3 32. Qf2 Qg4 33. Rc3 h6 34. Bh3
Qh5 35. Be6+ Kh8 36. Rh3 f3 37. Qe3 Bd8 38. b4 Nc4 39. Rfxf3 Bf6 40. Qf2 Ne5
41. gxf6 Nxf3 42. Qxf3 Qe5 43. f7 Qe1+ 44. Kh2 Qd2+ 45. Qg2 Qxb4 46. h5 Qxa4
47. Rf3 Qh4+ 48. Qh3 Qe1 49. Qg3 Qe2+ 50. Kh3 Qd1 51. Kh4 Qd4+ 52. Qf4 Qb6 53.
Rg3 Qb1 54. Qxd6 Qe4+ 55. Kh3 Qh1+ 56. Kg4 Qd1+ 57. Rf3 Qg1+ 58. Qg3 Qd1 59.
Qf2 Qc1 60. Qe3 Qh1 61. Qa3 Qg2+ 62. Kf4 Qh2+ 63. Ke3 Qg1+ 64. Kd3 Qd1+ 65. Kc4
Qc2+ 66. Rc3 Qe4+ 67. Kb5 Qb1+ 68. Kc6 Qb8 69. Rb3 Rc8+ 70. Bxc8 Qxc8+ 71. Kb5
Qb8+ 72. Kc4 Qf4+ 73. Kc3 Qe5+ 74. Kc2 Qe2+ 75. Kc3 Qe5+ 76. Kc2 Qe2+ 77. Kb1
Qd1+ 78. Ka2 Qd2+ 79. Ka1 Qd1+ 80. Ka2 Qd2+ 81. Qb2 Qa5+ 82. Kb1 Qe1+ 83. Qc1
Qe4+ 84. Qc2 Qe1+ 85. Kb2 Qe5+ 86. Ka2 1-0

[Event "Memoria? Zamenhofa"]
[Site "Bialystok"]
[Date "2024.12.27"]
[Round "2.11"]
[White "Kulig, Pawel"]
[Black "Janeczko, Jakub"]
[Result "1/2-1/2"]
[WhiteElo "2033"]
[BlackElo "2326"]
[PlyCount "57"]
[EventDate "2024.??.??"]

1. e4 c5 2. Nf3 d6 3. d4 cxd4 4. Nxd4 Nf6 5. Nc3 a6 6. Rg1 b5 7. a4 b4 8. Nd5
e6 9. Nxf6+ Qxf6 10. Be3 Bb7 11. Qd2 Nd7 12. Nb3 Bxe4 13. f3 Bd5 14. O-O-O Bxb3
15. cxb3 d5 16. Kb1 Be7 17. f4 O-O 18. Bd4 Qh6 19. g4 Bc5 20. g5 Qh4 21. Rg3
Rfc8 22. Rh3 Qg4 23. Rg3 Qh4 24. Rh3 Qg4 25. Rg3 Qh4 26. Rh3 Qg4 27. Rg3 Qh4
28. Rh3 Qg4 29. Rg3 1/2-1/2

[Event "Memoria? Zamenhofa"]
[Site "Bialystok"]
[Date "2024.12.27"]
[Round "2.12"]
[White "Kokoszczynski, Jan"]
[Black "Krasniewski, Maciej"]
[Result "1-0"]
[WhiteElo "2307"]
[BlackElo "1984"]
[PlyCount "79"]
[EventDate "2024.??.??"]

1. e4 c5 2. c3 Nf6 3. e5 Nd5 4. Nf3 e6 5. d4 cxd4 6. cxd4 b6 7. Bd2 Bb7 8. Nc3
Be7 9. Bc4 Nxc3 10. Bxc3 d5 11. Bb5+ Bc6 12. Bd3 Nd7 13. h4 b5 14. Qe2 b4 15.
Bd2 Qb6 16. Bg5 Bf8 17. O-O h6 18. Be3 Rb8 19. Rac1 Be7 20. Rfe1 a5 21. Qd2 Qb7
22. b3 Nb6 23. Rc2 Nc8 24. Rec1 Na7 25. Qe2 Kd7 26. h5 Qb6 27. Ne1 f5 28. exf6
gxf6 29. Bf4 Rbc8 30. Nf3 Bd6 31. Bxd6 Kxd6 32. Qe3 Qd8 33. Ne5 Be8 34. Rxc8
Nxc8 35. Rc6+ Bxc6 36. Nf7+ Ke7 37. Nxd8 Rxd8 38. Qxh6 Nd6 39. Qg7+ Nf7 40. Bg6
1-0

[Event "Memoria? Zamenhofa"]
[Site "Bialystok"]
[Date "2024.12.27"]
[Round "2.13"]
[White "Woznicki, Tomasz"]
[Black "Radzimski, Antoni"]
[Result "1/2-1/2"]
[WhiteElo "1987"]
[BlackElo "2290"]
[PlyCount "64"]
[EventDate "2024.??.??"]

1. Nf3 Nf6 2. g3 g6 3. Bg2 Bg7 4. O-O O-O 5. c4 d6 6. Nc3 Nc6 7. Rb1 a5 8. a3
e5 9. b4 axb4 10. axb4 Re8 11. d3 Bd7 12. b5 Nd4 13. Bg5 Ne6 14. Bc1 c6 15. Ng5
Nc5 16. Be3 Qc7 17. Bxc5 dxc5 18. bxc6 Bxc6 19. Bxc6 Qxc6 20. Nge4 Nd7 21. Qb3
Ra7 22. Nd5 f5 23. Nec3 Kh8 24. Nb5 Ra5 25. Nbc7 Rb8 26. Ra1 Rxa1 27. Rxa1 e4
28. Rb1 exd3 29. exd3 Ne5 30. Qb6 Qxb6 31. Nxb6 Nxd3 32. Nd7 Rd8 1/2-1/2

[Event "Memoria? Zamenhofa"]
[Site "Bialystok"]
[Date "2024.12.27"]
[Round "2.15"]
[White "Moczulski, Michal"]
[Black "Morchiashvili, Bachana"]
[Result "0-1"]
[WhiteElo "1977"]
[BlackElo "2265"]
[PlyCount "86"]
[EventDate "2024.??.??"]

1. e4 c5 2. c3 d5 3. exd5 Qxd5 4. d4 Nf6 5. Nf3 Bg4 6. Be2 e6 7. h3 Bh5 8. c4
Qd8 9. O-O cxd4 10. Nxd4 Bxe2 11. Nxe2 Qxd1 12. Rxd1 Bc5 13. Nbc3 Nc6 14. Bf4
O-O 15. Bd6 Bxd6 16. Rxd6 Rfd8 17. Rad1 Rxd6 18. Rxd6 Kf8 19. f4 Rc8 20. Kf2
Ne7 21. b3 Ned5 22. cxd5 Ke7 23. dxe6 Kxd6 24. exf7 Ke7 25. a4 a6 26. Ke3 h5
27. Kd3 Kxf7 28. Nd4 Rd8 29. Kc4 Re8 30. a5 Ne4 31. Nd5 Rc8+ 32. Kd3 Nc5+ 33.
Kc4 Ne6+ 34. Kd3 Rd8 35. Kc4 Nxd4 36. Kxd4 Ke6 37. f5+ Kxf5 38. Kc5 Ke5 39. Ne3
Rd3 40. Nc4+ Ke6 41. b4 Rd5+ 42. Kb6 Rb5+ 43. Ka7 Rxb4 0-1

[Event "Memoria? Zamenhofa"]
[Site "Bialystok"]
[Date "2024.12.27"]
[Round "2.16"]
[White "Rekuc, Patryk"]
[Black "Kotarski, Bartosz"]
[Result "1-0"]
[WhiteElo "2264"]
[BlackElo "1968"]
[PlyCount "51"]
[EventDate "2024.??.??"]

1. d4 Nf6 2. c4 g6 3. Nc3 d5 4. Nf3 Bg7 5. h4 c6 6. cxd5 cxd5 7. Bf4 Nc6 8. e3
O-O 9. Be2 Bf5 10. O-O Ne4 11. Rc1 Rc8 12. Qb3 Qd7 13. Bb5 Rfd8 14. Nxe4 Bxe4
15. Ng5 a6 16. Nxe4 dxe4 17. Be2 e6 18. Bg5 Ne7 19. Bxe7 Qxe7 20. g3 Rc7 21.
Rc3 Rdc8 22. Rfc1 f5 23. Rxc7 Rxc7 24. Rxc7 Qxc7 25. Qxe6+ Kf8 26. Bc4 1-0

[Event "Memoria? Zamenhofa"]
[Site "Bialystok"]
[Date "2024.12.27"]
[Round "2.17"]
[White "Jakubowski, Krzysztof"]
[Black "Butkiewicz, Jan"]
[Result "1-0"]
[WhiteElo "2442"]
[BlackElo "2070"]
[PlyCount "53"]
[EventDate "2024.??.??"]

1. c4 Nf6 2. g3 e6 3. Bg2 d5 4. Nf3 d4 5. b4 c5 6. Bb2 Nc6 7. b5 Ne7 8. e3 Nf5
9. O-O Be7 10. exd4 cxd4 11. d3 O-O 12. Nbd2 Bc5 13. Nb3 Qd6 14. a4 Rd8 15. Qe2
Rb8 16. a5 b6 17. Bc1 Bb7 18. Bf4 Qe7 19. Bxb8 Rxb8 20. axb6 axb6 21. Ne5 Bxg2
22. Kxg2 Rc8 23. Qf3 h5 24. Ra8 Rxa8 25. Qxa8+ Kh7 26. Nxc5 Qxc5 27. Nxf7 1-0

[Event "Memoria? Zamenhofa"]
[Site "Bialystok"]
[Date "2024.12.27"]
[Round "2.18"]
[White "Kucza, Karol"]
[Black "Polak, Michal"]
[Result "1-0"]
[WhiteElo "2346"]
[BlackElo "2031"]
[PlyCount "81"]
[EventDate "2024.??.??"]

1. e4 e5 2. Nf3 Nc6 3. Bb5 a6 4. Ba4 Nf6 5. Nc3 b5 6. Bb3 Bc5 7. Nd5 Nxe4 8.
O-O O-O 9. c3 Bb7 10. Qc2 Nf6 11. Ng5 g6 12. Nxf6+ Qxf6 13. Ne4 Qe7 14. d4 exd4
15. Bg5 Qe5 16. Rae1 Qf5 17. Nf6+ Kg7 18. Qxf5 gxf5 19. Nxd7 Bd6 20. Nxf8 Rxf8
21. Bd5 dxc3 22. bxc3 f6 23. Bc1 Rd8 24. Rd1 Be5 25. c4 b4 26. f4 Bc3 27. Be3
Re8 28. Kf2 a5 29. Bf3 Kg6 30. Rd7 Rc8 31. h4 h5 32. Rh1 a4 33. Rh3 Kh6 34. Rg3
b3 35. axb3 a3 36. Rdg7 Ne7 37. Rxe7 a2 38. Reg7 Be1+ 39. Kxe1 a1=Q+ 40. Kf2
Qb2+ 41. Be2 1-0

[Event "Memoria? Zamenhofa"]
[Site "Bialystok"]
[Date "2024.12.27"]
[Round "2.19"]
[White "Ryszkiewicz, Adam"]
[Black "Golis, Wiktor"]
[Result "1/2-1/2"]
[WhiteElo "1982"]
[BlackElo "2313"]
[PlyCount "144"]
[EventDate "2024.??.??"]

1. e4 c5 2. Nf3 e6 3. d4 cxd4 4. Nxd4 Nf6 5. Nc3 Nc6 6. Be3 Bb4 7. Bd3 e5 8.
Nxc6 bxc6 9. O-O O-O 10. Bg5 h6 11. Bh4 Bxc3 12. bxc3 g5 13. Bg3 d6 14. f3 Nh5
15. Bf2 Nf4 16. Be3 Ng6 17. Qd2 Qe7 18. Rad1 Be6 19. a4 Rfd8 20. Qf2 Nf4 21.
Rb1 Rd7 22. Ba6 f5 23. exf5 Bxf5 24. Rb2 Nd5 25. Bd2 Rf8 26. Rfb1 e4 27. fxe4
Bxe4 28. Qg3 Nf4 29. Bxf4 Rxf4 30. Rb8+ Kg7 31. Re1 d5 32. Qe3 c5 33. Bb5 Rc7
34. Bd3 Qf6 35. Bxe4 Rxe4 36. Qd2 Rf7 37. Rbb1 Rf4 38. Qxd5 Qxc3 39. Qe5+ Qxe5
40. Rxe5 Rc4 41. Rb2 Rxa4 42. h4 Rxh4 43. Rxc5 Ra4 44. Rc8 h5 45. Rb5 Rg4 46.
Rcc5 Kg6 47. Rc6+ Kh7 48. Rcc5 Rg7 49. Ra5 h4 50. Kh2 Rg3 51. c4 Kh6 52. Ra2
Re3 53. Rca5 Ree7 54. c5 g4 55. R2a4 Re1 56. Ra1 Re2 57. R1a2 Re1 58. Ra1 Ree7
59. R1a2 Rc7 60. R2a4 Rce7 61. Ra2 Rgf7 62. c6 Rg7 63. Ra6 Rc7 64. R2a4 Rg6 65.
Rxa7 Rcxc6 66. R7a5 h3 67. Ra2 Rc1 68. gxh3 gxh3 69. Kxh3 Rh1+ 70. Rh2 Rxh2+
71. Kxh2 Rg5 72. Rxg5 Kxg5 1/2-1/2

[Event "Memoria? Zamenhofa"]
[Site "Bialystok"]
[Date "2024.12.27"]
[Round "2.20"]
[White "Szostko, Jakub"]
[Black "Dalkowski, Rafal"]
[Result "1/2-1/2"]
[WhiteElo "2220"]
[BlackElo "2102"]
[PlyCount "73"]
[EventDate "2024.??.??"]

1. e4 c6 2. Nc3 d5 3. Nf3 Bg4 4. h3 Bxf3 5. Qxf3 e6 6. Be2 Nf6 7. O-O a5 8. a4
dxe4 9. Nxe4 Be7 10. Rd1 Nbd7 11. d4 Nxe4 12. Qxe4 O-O 13. c3 Qb6 14. Bd3 Nf6
15. Qe2 Rfd8 16. Bg5 h6 17. Bf4 c5 18. Be5 Nd7 19. Qe4 Nf6 20. Bxf6 Bxf6 21.
dxc5 Qxc5 22. Qh7+ Kf8 23. Bb5 b6 24. g3 Rac8 25. h4 Ke7 26. Qe4 Qe5 27. Qb7+
Qc7 28. Qf3 Be5 29. Kg2 Rd6 30. Rxd6 Bxd6 31. Rd1 Rd8 32. Rd3 Rc8 33. Qg4 Kf8
34. Qe4 Rd8 35. Qh7 Be5 36. Qh8+ Ke7 37. Qxd8+ 1/2-1/2

[Event "Memoria? Zamenhofa"]
[Site "Bialystok"]
[Date "2024.12.27"]
[Round "2.21"]
[White "Korszanski, Stanislaw"]
[Black "Jasiulewicz, Dawid"]
[Result "1/2-1/2"]
[WhiteElo "1955"]
[BlackElo "2174"]
[PlyCount "75"]
[EventDate "2024.??.??"]

1. e4 c5 2. Nf3 d6 3. d4 cxd4 4. Nxd4 Nf6 5. Nc3 a6 6. f3 e5 7. Nb3 Be6 8. Be3
h5 9. Qd2 Nbd7 10. O-O-O Rc8 11. Kb1 b5 12. Be2 Nb6 13. Bg5 Qc7 14. Bxf6 gxf6
15. f4 f5 16. Rhf1 fxe4 17. f5 e3 18. Qxe3 Bc4 19. Bxc4 bxc4 20. Nd2 Bh6 21.
Qg3 Kf8 22. Nde4 Bf4 23. Qh4 Rh6 24. g3 Be3 25. Rfe1 Bd4 26. Qg5 Rh7 27. Rxd4
exd4 28. Nf6 Rh8 29. Nfd5 Nxd5 30. Nxd5 Qa5 31. Qe7+ Kg8 32. Qe4 Kh7 33. f6+
Kh6 34. h4 Rhg8 35. Qf4+ Kh7 36. Qf5+ Kh6 37. c3 dxc3 38. Qf4+ 1/2-1/2

[Event "Memoria? Zamenhofa"]
[Site "Bialystok"]
[Date "2024.12.27"]
[Round "2.23"]
[White "Kosakowski, Jakub"]
[Black "Borowik, Wojciech"]
[Result "1-0"]
[WhiteElo "2539"]
[BlackElo "2087"]
[PlyCount "101"]
[EventDate "2024.??.??"]

1. e4 c5 2. Nf3 d6 3. d4 cxd4 4. Nxd4 Nf6 5. Bd3 Nc6 6. Be3 e5 7. Nxc6 bxc6 8.
c4 Be7 9. O-O O-O 10. Nc3 Be6 11. Qc2 a5 12. Rad1 Qc7 13. h3 Rab8 14. b3 Rfd8
15. Rd2 Nd7 16. Rfd1 Nc5 17. Be2 f6 18. Bg4 Bxg4 19. hxg4 Kf7 20. Rb1 Rb7 21.
Qd1 Kg8 22. g3 Qc8 23. Qe2 Rdd7 24. Rbd1 Qd8 25. g5 Ne6 26. Qg4 Nf8 27. gxf6
Bxf6 28. Na4 Be7 29. Rd3 Kh8 30. Kg2 Kg8 31. Bc1 Qe8 32. Ba3 h5 33. Qf5 g6 34.
Qh3 c5 35. Bb2 Rd8 36. Nc3 Qf7 37. Rf3 Qg7 38. Nd5 a4 39. Rfd3 axb3 40. axb3
Rdd7 41. f4 Bd8 42. Rf1 Nh7 43. Rdf3 Nf6 44. Nxf6+ Bxf6 45. f5 Bg5 46. Rd1 Ra7
47. Kh1 Ra2 48. fxg6 Rxb2 49. Qe6+ Kh8 50. Qe8+ Qg8 51. Qxd7 1-0

[Event "Memoria? Zamenhofa"]
[Site "Bialystok"]
[Date "2024.12.27"]
[Round "2.25"]
[White "Ptaszynski, Szymon"]
[Black "Backiel, Hubert"]
[Result "0-1"]
[WhiteElo "2069"]
[BlackElo "2260"]
[PlyCount "96"]
[EventDate "2024.??.??"]

1. d4 d5 2. c4 e6 3. Nf3 Nf6 4. Nc3 c6 5. Bg5 h6 6. Bxf6 Qxf6 7. e3 g6 8. Be2
Bg7 9. Qc2 O-O 10. O-O Nd7 11. Rfe1 Qe7 12. Bd3 dxc4 13. Bxc4 b5 14. Bd3 Bb7
15. Rad1 a6 16. Ne4 Rac8 17. Rc1 Rfd8 18. Be2 Bf8 19. Ne5 Nxe5 20. dxe5 Qc7 21.
f4 c5 22. Bf3 Kg7 23. h4 c4 24. h5 Bb4 25. Re2 Qb6 26. a3 Be7 27. Nf2 Bxf3 28.
gxf3 c3 29. b4 a5 30. Qb3 axb4 31. axb4 Qc6 32. Ne4 Rd3 33. hxg6 fxg6 34. Kh2
Qc4 35. Qc2 Rd2 36. Rg2 Rxc2 37. Rgxc2 Bxb4 38. Rg1 Ra8 39. Rcg2 Ra2 40. Nf2 g5
41. fxg5 Qh4+ 42. Nh3 Rxg2+ 43. Kxg2 c2 44. gxh6+ Kxh6 45. Ra1 Qc4 46. Rc1 Bd2
47. Rh1 c1=Q 48. Ng1+ Kg7 0-1

[Event "Memoria? Zamenhofa"]
[Site "Bialystok"]
[Date "2024.12.27"]
[Round "2.26"]
[White "Stepinski, Piotr"]
[Black "Madrawski, Krzysztof"]
[Result "1/2-1/2"]
[WhiteElo "2184"]
[BlackElo "2054"]
[PlyCount "79"]
[EventDate "2024.??.??"]

1. e4 Nf6 2. e5 Nd5 3. d4 d6 4. c4 Nb6 5. exd6 cxd6 6. Nc3 g6 7. Be3 Bg7 8. Rc1
O-O 9. Nf3 Nc6 10. d5 Ne5 11. Nxe5 Bxe5 12. Be2 e6 13. O-O Bd7 14. b3 Rc8 15.
dxe6 Bxe6 16. Bf3 Qc7 17. Nd5 Bxd5 18. Bxd5 Nxd5 19. Qxd5 Rfe8 20. Rcd1 a6 21.
a4 Qc6 22. Rd3 Qxd5 23. Rxd5 Rc6 24. Rfd1 Re6 25. g3 f5 26. f4 Bf6 27. Kf2 Kf7
28. h3 h5 29. Kf3 Be7 30. R1d3 Bf8 31. g4 hxg4+ 32. hxg4 fxg4+ 33. Kxg4 Rc8 34.
Bd4 Be7 35. Rh3 Rf8 36. f5 gxf5+ 37. Rxf5+ Kg6 38. Rxf8 Bxf8 39. Re3 Rxe3 40.
Bxe3 1/2-1/2

[Event "Memoria? Zamenhofa"]
[Site "Bialystok"]
[Date "2024.12.27"]
[Round "2.28"]
[White "Sawicki, Dorian"]
[Black "Sliwicki, Damian"]
[Result "1-0"]
[WhiteElo "2036"]
[BlackElo "2172"]
[PlyCount "83"]
[EventDate "2024.??.??"]

1. d4 Nf6 2. c4 e6 3. Nf3 Bb4+ 4. Bd2 Qe7 5. e3 O-O 6. Bd3 Nc6 7. O-O a5 8. Nc3
d6 9. a3 Bxc3 10. Bxc3 e5 11. Nd2 e4 12. Be2 a4 13. f4 d5 14. c5 Bd7 15. Kh1
Ne8 16. g4 b6 17. cxb6 cxb6 18. b3 Qh4 19. Rg1 axb3 20. Nb1 Nd6 21. Be1 b2 22.
Ra2 Qe7 23. Rxb2 b5 24. Nc3 Nc4 25. Bxc4 bxc4 26. Nxd5 Qxa3 27. Rb7 Be6 28. Nc3
Bc8 29. Rb5 Ba6 30. Rc5 Nd8 31. f5 Nb7 32. Re5 Nd6 33. g5 Rfe8 34. g6 fxg6 35.
fxg6 h6 36. Qg4 Qc1 37. Nd5 Bb7 38. Nf6+ gxf6 39. Qd7 fxe5 40. Qh7+ Kf8 41.
Rf1+ Nf5 42. Qf7# 1-0

[Event "Memoria? Zamenhofa"]
[Site "Bialystok"]
[Date "2024.12.27"]
[Round "2.29"]
[White "Leskiewicz, Ignacy"]
[Black "Kirtadze, Anastasia"]
[Result "0-1"]
[WhiteElo "2157"]
[BlackElo "2047"]
[PlyCount "62"]
[EventDate "2024.??.??"]

1. d4 Nf6 2. Nf3 e6 3. g3 b5 4. a4 b4 5. Bg2 Bb7 6. O-O c5 7. c3 Be7 8. a5 O-O
9. Nbd2 d5 10. Ne5 Nfd7 11. e4 Nxe5 12. dxe5 d4 13. cxb4 cxb4 14. Qg4 Ba6 15.
Rd1 Nc6 16. Nf3 Be2 17. Bh6 g6 18. Bxf8 Bxd1 19. Bxe7 Bxf3 20. Bxd8 Bxg4 21.
Bf6 Be2 22. f3 d3 23. Kf2 Nd4 24. Bg5 Rc8 25. Rc1 Rc2 26. Rxc2 dxc2 27. Bd2 Bb5
28. Ke3 Nb3 29. f4 c1=Q 30. Bxc1 Nxc1 31. Kd4 Nb3+ 0-1